| 000 | 01916nam a2200397 c 4500 | ||
|---|---|---|---|
| 003 | BLK | ||
| 005 | 20240330121346.0 | ||
| 008 | 180411b bul|||||r ||||||| ||bul|| | ||
| 010 | _aKNG00176238000 | ||
| 020 |
_a978-954-535-783-1 _bиздат.: Нов бълг. унив. |
||
| 040 | _aBLK | ||
| 041 |
_aBUL _cBUL |
||
| 072 | 7 |
_2bullib _aН33 _xИкономика Н |
|
| 080 |
_aХарактеристика според мотивите, задачите и целите на туризма(със знака за отношение :) _b338.48-6 _x:7/8 _z338.48-6:7/8 |
||
| 080 |
_aИстория на цивилизацията. История на културата _b930.85 _x _z930.85 |
||
| 100 | 1 |
_aАлексиева, Соня Александрова _eпърви автор _9376554 |
|
| 700 | 1 |
_aБокова, Ирена Иванова _eсъавт. _9379065 |
|
| 139 |
_aАлексиева, Соня Александрова и др. _bА 52 |
||
| 245 | 1 | 0 |
_aТуризъм и културно наследство _cСоня Александрова Алексиева; съавт. Ирена Иванова Бокова. |
| 257 | _aBGR | ||
| 260 |
_аСофия _bНов бълг. унив. _c2013 |
||
| 300 |
_a364 с. _bс цв. ил. _c26 см |
||
| 380 | _a3 | ||
| 500 | _aСъдържа и за авт. - Речник. - Библиогр. след отд. гл. и под линия. | ||
| 650 | 4 |
_aКултурен туризъм _9337809 |
|
| 650 | 4 |
_aКултурно-историческо наследство _9324507 |
|
| 653 | _aкултурен туризъм | ||
| 653 | _aкултурно наследство | ||
| 659 | _aН | ||
| 852 | _aЦб ІІ 20555 | ||
| 856 | 4 |
_qpdf _u |
|
| 856 | 4 |
_qpdf _u |
|
| 942 |
_cKNG _n0 _04 |
||
| 944 |
_aCR _c02.06.2015 _lРенета Константинова _k30546 |
||
| 944 |
_aED _c11.01.2016 _lф / _kЛюдмила_Стоянова |
||
| 999 |
_c168353 _d168353 |
||